000
00278nam a2200109Ia 4500
008
190911s9999||||xx |||||||||||||| ||und||
100
_a
Michael Wolfe
245
0
_a
High Performance Compilers for Parallel Computing
260
_a
USA
_b
Pearson
_c
1988
300
_a
796
942
_c
BK
999
_c
6956
_d
6956